000 00558nam a2200205 i 4500
001 147082
003 ES-MaACL
005 20250901073804.0
007 t|
008 070921s1961 sp ||||1| spa d
080 _a621.396(02)
100 1 _aDarkness, R. J.
_942731
245 1 3 _aLa radio en 800 montajes /
_cR.J. de Darkness [seud.].
250 _a1ยช ed.
260 _aBarcelona :
_bBruguera,
_c1961.
300 _a240 p. :
_bil. ;
_c19 cm.
650 7 _aRadio
_2embne
_9153758
852 _aES-MaACL
_jC-20325
_bR.48763
999 _c147082
_d147082